Cities in Germany - Sudden Death - Statistics

General Stats
  • This quiz has been taken 492 times
    490 since last reset
  • The average score is 14 of 23
Answers on the Grid
Answers color-coded by a green-red scale on the quiz's grid according to % correct below.
Berlin
Hamburg
Bolzano
Trondheim
Aachen
Edinburgh
Cologne
Leipzig
Harrisburg
Potsdam
Dortmund
Salzburg
Frankfurt
Groningen
Strasbourg
Nuremberg
Bochum
Bielefeld
Magdeburg
Luxembourg
Bremerhaven
Metz
Jena
Remscheid
Lüderitz
Aarhus
Innsbruck
Erfurt
Freiburg
Basel
Prague
Kassel
Gothenburg
Duisburg
Hanover
Ghent
Eindhoven
Bonn
Rostock
Kiel
 
Answer Stats
Answer % Correct
Hamburg
79%
Frankfurt
77%
Berlin
76%
Cologne
72%
Nuremberg
70%
Leipzig
69%
Hanover
68%
Dortmund
65%
Freiburg
64%
Bonn
61%
Kiel
60%
Aachen
58%
Bielefeld
56%
Potsdam
56%
Erfurt
54%
Duisburg
53%
Magdeburg
53%
Bochum
52%
Rostock
52%
Kassel
51%
Bremerhaven
48%
Jena
43%
Remscheid
35%
No matching quizzes found
Score Distribution
Percent of People with Each Score
Percentile by Number Answered
Your Score History
You have not taken this quiz since the last reset